[Event "LSS No Engine Cup 215 Preliminary 0"]
[Site "LSS email"]
[Date "2021.03.13"]
[Round "?"]
[White "Leisner, Jon"]
[Black "Roques, Pascal"]
[Result "0-1"]
[WhiteElo "1811"]
[BlackElo "1600"]
[PlyCount "84"]
[EventDate "2021.03.13"]
[EventType "tourn (corr)"]
[EventRounds "6"]
[EventCountry "GER"]
[SourceTitle "Corr 2024"]
[Source "ChessBase"]
[SourceDate "2023.10.19"]
[SourceVersion "1"]
[SourceVersionDate "2023.10.19"]
[SourceQuality "1"]

1. e4 Nc6 2. Nf3 d6 3. d4 Nf6 4. Nc3 g6 5. d5 Nb8 6. Bd2 Bg7 7. Be2 0-0 8. 0-0 e6 9. Re1 exd5 10. exd5 Nbd7 11. Bg5 h6 12. Bh4 g5 13. Bg3 Re8 14. Bc4 Rxe1+ 15. Qxe1 Nb6 16. Bb3 Nh5 17. h3 Nxg3 18. fxg3 g4 19. hxg4 Bxg4 20. Qe4 Qd7 21. Re1 Qf5 22. Nh4 Qxe4 23. Rxe4 Bd7 24. Nd1 a5 25. a3 Be5 26. Kf2 Re8 27. Kf3 f5 28. Re1 Kf7 29. c3 Rg8 30. Rh1 Rxg3+ 31. Kf2 Kf6 32. Nf3 Rg6 33. Ne3 a4 34. Bc2 Bf4 35. Nh4 Bxe3+ 36. Kxe3 Nxd5+ 37. Kf2 Rg4 38. g3 f4 39. gxf4 Rxf4+ 40. Kg3 Rg4+ 41. Kf3 h5 42. Ng2 Bc6 0-1

[Event "LSS No Engine Cup 215 Preliminary 0"]
[Site "LSS email"]
[Date "2021.03.13"]
[Round "?"]
[White "Roques, Pascal"]
[Black "Herzog, Klaus"]
[Result "1/2-1/2"]
[WhiteElo "1600"]
[BlackElo "2177"]
[PlyCount "82"]
[EventDate "2021.03.13"]
[EventType "tourn (corr)"]
[EventRounds "6"]
[EventCountry "GER"]
[SourceTitle "Corr 2024"]
[Source "ChessBase"]
[SourceDate "2023.10.19"]
[SourceVersion "1"]
[SourceVersionDate "2023.10.19"]
[SourceQuality "1"]

1. Nc3 c5 2. Nf3 Nc6 3. d4 d5 4. e3 Nf6 5. Bb5 Bg4 6. h3 Bxf3 7. Qxf3 e6 8. 0-0 Rc8 9. Rd1 cxd4 10. exd4 Be7 11. Ne2 Qb6 12. Ba4 Qa6 13. Bb3 b5 14. c3 b4 15. Be3 bxc3 16. Nxc3 0-0 17. Bc2 Qb7 18. Rab1 Nb4 19. Ba4 Ne8 20. a3 Nc6 21. Bc2 Nd6 22. Qg3 Rfd8 23. h4 Bf6 24. Qg4 Qe7 25. h5 Nc4 26. Bc1 h6 27. Bb3 Nd6 28. Bxh6 Nxd4 29. Bxg7 Bxg7 30. Rxd4 f5 31. Qg6 Qf7 32. Qxf7+ Kxf7 33. Ra4 Rc7 34. Ra6 Bxc3 35. bxc3 Ne4 36. Bc2 Kf6 37. Bxe4 fxe4 38. Rc1 Rh8 39. f3 e3 40. Kf1 Rxh5 41. Ke2 d4 1/2-1/2

[Event "WC-2020-S-00002"]
[Site "LSS email"]
[Date "2020.06.08"]
[Round "?"]
[White "Cornel, Matei"]
[Black "Roques, Pascal"]
[Result "1/2-1/2"]
[WhiteElo "2361"]
[BlackElo "2347"]
[PlyCount "43"]
[EventDate "2020.06.08"]
[EventType "tourn (corr)"]
[EventRounds "12"]
[EventCountry "GER"]
[SourceTitle "Corr 2024"]
[Source "ChessBase"]
[SourceDate "2023.10.19"]
[SourceVersion "1"]
[SourceVersionDate "2023.10.19"]
[SourceQuality "1"]

1. Nf3 Nf6 2. c4 g6 3. d4 Bg7 4. g3 c6 5. b3 d5 6. Bg2 0-0 7. 0-0 dxc4 8. bxc4 c5 9. Bb2 cxd4 10. Nxd4 Qb6 11. Qc2 Nc6 12. c5 Qa6 13. Nd2 Nxd4 14. Bxd4 Bd7 15. Rab1 Bc6 16. Bxc6 Qxc6 17. Qb3 b6 18. Rfc1 Qd5 19. Nf3 Qxb3 20. axb3 bxc5 21. Rxc5 Rfb8 22. Kg2 1/2-1/2

[Event "WC-2020-S-00002"]
[Site "LSS email"]
[Date "2020.06.08"]
[Round "?"]
[White "Perez, Brigiliano"]
[Black "Roques, Pascal"]
[Result "1/2-1/2"]
[WhiteElo "2508"]
[BlackElo "2347"]
[PlyCount "48"]
[EventDate "2020.06.08"]
[EventType "tourn (corr)"]
[EventRounds "12"]
[EventCountry "GER"]
[SourceTitle "Corr 2024"]
[Source "ChessBase"]
[SourceDate "2023.10.19"]
[SourceVersion "1"]
[SourceVersionDate "2023.10.19"]
[SourceQuality "1"]

1. d4 Nf6 2. c4 g6 3. Nc3 d5 4. cxd5 Nxd5 5. e4 Nxc3 6. bxc3 Bg7 7. Bc4 c5 8. Ne2 Nc6 9. Be3 0-0 10. 0-0 e6 11. dxc5 Qa5 12. f4 Rd8 13. Qb3 Bf8 14. f5 Bxc5 15. Nd4 Nxd4 16. cxd4 Rxd4 17. fxe6 Rxe4 18. exf7+ Kf8 19. Bxc5+ Qxc5+ 20. Kh1 Qxc4 21. Qb2 Rf4 22. Rxf4 Qxf4 23. Qh8+ Kxf7 24. Qxh7+ Kf8 1/2-1/2

[Event "WC-2020-S-00002"]
[Site "LSS email"]
[Date "2020.06.08"]
[Round "?"]
[White "Roques, Pascal"]
[Black "Wosch, Arkadiusz"]
[Result "1/2-1/2"]
[WhiteElo "2347"]
[BlackElo "2383"]
[PlyCount "50"]
[EventDate "2020.06.08"]
[EventType "tourn (corr)"]
[EventRounds "12"]
[EventCountry "GER"]
[SourceTitle "Corr 2024"]
[Source "ChessBase"]
[SourceDate "2023.10.19"]
[SourceVersion "1"]
[SourceVersionDate "2023.10.19"]
[SourceQuality "1"]

1. e4 c5 2. Nf3 Nc6 3. Bb5 g6 4. 0-0 Bg7 5. c3 Nf6 6. Re1 0-0 7. h3 e5 8. d3 d6 9. Nbd2 Bd7 10. Nf1 a6 11. Ba4 b5 12. Bb3 h6 13. Ng3 Rc8 14. Be3 a5 15. a4 b4 16. d4 exd4 17. cxd4 cxd4 18. Nxd4 Nxd4 19. Bxd4 Re8 20. Rc1 Qe7 21. Bb6 Qe5 22. Rxc8 Bxc8 23. Bd4 Qe7 24. e5 dxe5 25. Rxe5 Qd8 1/2-1/2